| 000 | 00906nji a22002537a 4500 | ||
|---|---|---|---|
| 005 | 20100908111425.0 | ||
| 006 | a|||||r|||||00| 0 | ||
| 007 | sd ammalaaahaa | ||
| 008 | 100830t xxu||||| |||| 00| 0 eng d | ||
| 028 |
_aSEDE 3601 _bColumbia |
||
| 035 | _aGR-01234 | ||
| 040 |
_aSED _cSED |
||
| 100 |
_917455 _aVasanthakumari, M. L. |
||
| 245 |
_aRaghasuda rasa / _cby M. L. Vasanthakumari _h[sound recording] : |
||
| 246 | _aराघसुदा रासा / ऍम एल वासंथाकुमारी | ||
| 260 |
_aDum Dum, India _bColumbia |
||
| 300 |
_a1 sound disc [Gramophone Recording]: _banalog, 33 1/3 rpm _c7 in. (SP) _fGramophone Record |
||
| 500 | _aBrief Record | ||
| 650 |
_aTelugu Classical music _zIndia _91186 _xExcerpts |
||
| 700 | _917416 | ||
| 700 | _917456 | ||
| 942 |
_2ddc _cGR |
||
| 999 |
_c44384 _d44384 |
||